00253nam a2200085Ia 4500008004100000100002400041245005100065260004200116260000900158170620s9999 xx 000 0 und d aReddy- G. Lokanadha 0aSlow Learners their Psychology and Instruction bNew Delhi- Discovery Publishing House c2006